Lolita (Registro nro. 791)

Detalles MARC
000 -CABECERA
Longitud fija campo de control 01725nam a2200361Ia 4500
005 - • FECHA Y HORA DE LA ÚLTIMA TRANSACCIÓN
Fecha y hora de la última transacción 20260217155939.0
008 - • CÓDIGOS DE INFORMACIÓN DE LONGITUD FIJA
Códigos de información de longitud fija 121119s2001 sp a gr 000 f spa
020 ## - • NÚMERO INTERNACIONAL NORMALIZADO PARA LIBROS
Número Internacional Normalizado para Libros (ISBN) 8433920383
020 ## - • NÚMERO INTERNACIONAL NORMALIZADO PARA LIBROS
Número Internacional Normalizado para Libros (ISBN) 9788433920386
040 ## - FUENTE DE LA CATALOGACIÓN
Centro catalogador de origen CO-BoRNBP
Lengua de catalogación spa
Normas de descripción rda
Centro transcriptor CO-BoRNBP
041 1# - • CÓDIGO DE LENGUA
Código de lengua del texto/banda sonora o título independiente spa
084 ## - • Clasificación Local Alfanúmerica PNLB
Número de clasificación N NAB1
100 1# - • PUNTO DE ACCESO PRINCIPAL-NOMBRE DE PERSONA
Nombre de persona Nabokov, Vladimir Vladimirovich,
Fechas asociadas al nombre 1899-1977
245 10 - • TITULO PROPIAMENTE DICHO
Título Lolita
Mención de responsabilidad, etc. Vladimir Nabokov ; traducción de Francesc Roca
250 ## - • MENCIÓN DE EDICIÓN
Mención de edición Primera edición
264 #1 - PRODUCCIÓN, PUBLICACIÓN , DISTRIBUCIÓN, FABRICACIÓN Y COPYRIGHT
Lugar de producción, publicación, distribución, fabricación Barcelona
Nombre del productor, editor, distribuidor, fabricante Anagrama
Fecha de de producción, publicación, distribución, fabricación o copyright 2001
300 ## - • DESCRIPCIÓN FÍSICA
Extensión 352 páginas
Dimensiones 22 cm.
336 ## - TIPO DE CONTENIDO
Término de tipo de contenido texto
Código de tipo de contenido txt
Fuente rdacontent
337 ## - TIPO DE MEDIO
Nombre del tipo de medio sin mediación
Código del tipo de medio n
Fuente rdamedia
338 ## - TIPO DE SOPORTE
Nombre del tipo de soporte volumen
Código del tipo de soporte nc
Fuente rdacarrier
490 0# - • MENCIÓN DE SERIE
Mención de serie Narrativa contemporánea
520 3# - • NOTA DE RESUMEN
Resumen, etc, La historia de la obsesión de Humbert Humbert, un profesor cuarentón, por la doceañera Lolita es una extraordinaria novela de amor en la que intervienen dos componentes explosivos: la atracción «perversa» por las nínfulas y el incesto. Un itinerario a través de la locura y la muerte, que desemboca en una estilizadísima violencia, narrado, a la vez con autoironía y lirismo desenfrenado, por el propio Humbert Humbert. Lolita es también un retrato ácido y visionario de los Estados Unidos, de los horrores suburbanos y de la cultura del plástico y del motel
650 14 - • PUNTO DE ACCESO ADICIONAL DE MATERIA - TÉRMINO DE MATERIA
Fuente del encabezamiento o término LEMB
Término de materia o nombre geográfico como elemento inicial Literatura rusa
Subdivisión cronológica Siglo XIX-XX
650 14 - • PUNTO DE ACCESO ADICIONAL DE MATERIA - TÉRMINO DE MATERIA
Fuente del encabezamiento o término LEMB
Término de materia o nombre geográfico como elemento inicial Novela rusa
Subdivisión cronológica Siglo XIX-XX
650 14 - • PUNTO DE ACCESO ADICIONAL DE MATERIA - TÉRMINO DE MATERIA
Fuente del encabezamiento o término LEMB
Término de materia o nombre geográfico como elemento inicial Novela erótica rusa
650 14 - • PUNTO DE ACCESO ADICIONAL DE MATERIA - TÉRMINO DE MATERIA
Fuente del encabezamiento o término LEMB
Término de materia o nombre geográfico como elemento inicial Profesores
Subdivisión de forma Novela
650 14 - • PUNTO DE ACCESO ADICIONAL DE MATERIA - TÉRMINO DE MATERIA
Fuente del encabezamiento o término LEMB
Término de materia o nombre geográfico como elemento inicial Adolescentes
Subdivisión de forma Novela
650 14 - • PUNTO DE ACCESO ADICIONAL DE MATERIA - TÉRMINO DE MATERIA
Fuente del encabezamiento o término LEMB
Término de materia o nombre geográfico como elemento inicial Novela amorosa
650 14 - • PUNTO DE ACCESO ADICIONAL DE MATERIA - TÉRMINO DE MATERIA
Fuente del encabezamiento o término LEMB
Término de materia o nombre geográfico como elemento inicial Muerte
Subdivisión de forma Novela
700 1# - • PUNTO DE ACCESO ADICIONAL - NOMBRE DE PERSONA
Nombre de persona Tejedor, Enrique
Término indicativo de función traductor
942 ## - ENTRADA DE ELEMENTOS AGREGADOS (KOHA)
Fuente de clasificaión o esquema
Koha [por defecto] tipo de item Libro Literatura
Existencias
Perdido Fuente de clasificación o esquema Estado Físico No para préstamo Localización permanente Localización actual Localización en estanterías Fecha adquisición Préstamos totales Signatura completa Código de barras Fecha última consulta Número de copia Fecha del precio de reemplazo Tipo de item de Koha Forma de adquisición
  Dewey Decimal Classification     Biblioteca Pública Dorado Biblioteca Pública Dorado Literatura 02/17/2023   NNAB1 DOR01735 02/17/2023 Ej.1 02/17/2023 Libro Literatura Colección General
  Dewey Decimal Classification     Biblioteca Pública Fuentedeoro - Henry Llanos García Biblioteca Pública Fuentedeoro - Henry Llanos García Literatura 07/13/2023   N NAB1 Fo00001370 07/13/2023 Ej.1 07/13/2023 Libro Literatura Colección General
  Dewey Decimal Classification     Biblioteca Pública Puerto López - Jorge Eliecer Gaitán Biblioteca Pública Puerto López - Jorge Eliecer Gaitán General 10/07/2025   N NAB1 PLZ03216 10/07/2025 Ej.1 10/07/2025 Libro Literatura Colección General
  Dewey Decimal Classification     Biblioteca Pública Barranca de Upia - María Dolores Herrera Biblioteca Pública Barranca de Upia - María Dolores Herrera Literatura 09/13/2023   N NAB1 BUP00310 09/13/2023 Ej.1 09/13/2023 Libro Literatura Colección General
  Dewey Decimal Classification     Biblioteca Pública Cabuyaro Biblioteca Pública Cabuyaro Literatura 06/28/2023   NNAB1 CAB000409 06/28/2023 Ej.1 06/28/2023 Libro Literatura Colección General
  Dewey Decimal Classification     Biblioteca Pública Guamal Biblioteca Pública Guamal Literatura 02/02/2023   NNAB1 GUA000500 02/02/2023 Ej.1 02/02/2023 Libro Literatura Colección General
  Dewey Decimal Classification     Biblioteca Pública La Macarena Biblioteca Pública La Macarena Literatura 08/21/2025   N NAB1 LM03062 08/21/2025 Ej.1 08/21/2025 Libro Literatura Colección General
  Dewey Decimal Classification     Biblioteca Pública Mapiripan Biblioteca Pública Mapiripan Literatura 02/05/2024   N NAB1 MAP00004104 02/05/2024 Ej.1 02/05/2024 Libro Literatura Colección General
  Dewey Decimal Classification     Biblioteca Pública Puerto Rico Biblioteca Pública Puerto Rico Literatura 12/14/2022   NNAB1Ej.1 PR000000L173 12/14/2022 Ej.1 12/14/2022 Libro Literatura  
  Dewey Decimal Classification     Biblioteca Pública Puerto Rico Biblioteca Pública Puerto Rico Sala Infantil 08/18/2023   N NAB1 EJ. 1 PR000001523 08/18/2023 Ej.1 08/18/2023 Libro Literatura  
  Clasificación Local Facetada     Biblioteca Pública San Juanito - Ernesto Maria Peña Romero Biblioteca Pública San Juanito - Ernesto Maria Peña Romero Literatura 02/17/2026   N NAB1 SJU02579 02/17/2026 Ej.1 02/17/2026 Libro Literatura Literatura General
  Dewey Decimal Classification     Biblioteca Pública Uribe - Reinerio Arenas Biblioteca Pública Uribe - Reinerio Arenas Literatura 10/09/2024   N NAB1 URI01710 10/09/2024 Ej.1 10/09/2024 Libro Literatura Colección General









Instituto Departamental de Cultura del Meta - Red Departamental de Bibliotecas Públicas del Meta.